Les 10 fast-foods avec le plus de restaurants dans le monde - Statistiques

Statistiques générales
  • Ce quiz a été pris 1 889 fois
  • Le résultat moyen est 4 sur 10
Statistiques - réponses
Place Nombre de restaurants Fast-food % Correct
5 15 000 Burger king
96%
4 20 000 KFC
88%
2 37 000 Mc Donald's
79%
1 45 000 Subway
48%
6 14 200 Domino's
37%
7 13 800 Pizza Hut
33%
3 25 000 Starbucks
29%
8 11 300 Dunkin' Donuts
7%
9 7800 Baskin Robbins
0%
10 7300 Hunt Brothers Pizza
0%
Aucun quiz correspondant
Distribution des résultats
% des personnes avec chaque résultat
Percentile par nombre de réponses
Votre historique - résultats
Vous n’avez pas pris ce quiz